|
|
|
|
| LEADER |
00000nab a2200000 a 4500 |
| 001 |
vtls000472793 |
| 003 |
SK-MaSNL |
| 005 |
20260304080718.0 |
| 008 |
250424c1992 xo 0 slo |
| 015 |
|
|
|a SNBRB19rr/mm-uuuuu
|
| 035 |
|
|
|a CL0472927
|
| 035 |
|
|
|a urn:nbn:sk:snk-abbbp
|
| 035 |
|
|
|a (urnnbn)urn:nbn:sk:snk:ar-0058ue
|
| 035 |
|
|
|a (uuid)7099ef48-c6c8-4ec6-9c39-c2c5258df71b
|
| 040 |
|
|
|a SNKBUCL
|b slo
|c SNKBUCL
|e AACR2
|
| 041 |
0 |
|
|a slo
|
| 044 |
|
|
|a xo
|c SK
|
| 080 |
|
|
|a 630 6
|2 1981
|
| 100 |
1 |
|
|a Cukerová, Viera
|4 aut
|9 806657
|
| 245 |
1 |
0 |
|a Analýza úrovne vybraných oblastí sociálneho rozvoja podnikov štátnych lesov
|c Viera Cukerová
|
| 300 |
|
|
|b Obr. 1, tab. 5, lit. 13 zázn. v češ., ruš., slov.
|
| 650 |
0 |
7 |
|a lesné hospodárstvo
|2 snkbucl
|9 1256
|
| 650 |
0 |
7 |
|a podniky
|2 snkbucl
|9 923
|
| 655 |
|
7 |
|a články z novín a časopisov
|2 snkbucl
|9 267496
|
| 773 |
0 |
|
|t Lesnícky časopis
|g Roč. 38, č. 5 (1992), s. 489-501
|x 0323-1046
|
| 850 |
|
|
|a Slovenská národná knižnica
|
| 852 |
|
|
|a Slovenská národná knižnica
|
| 954 |
|
|
|a odborná, vedecká literatúra pôvodná (slovenská)
|2 lita
|
| 958 |
|
|
|a article2022
|
| 958 |
|
|
|a OND
|
| 958 |
|
|
|a NB
|
| 958 |
|
|
|a RK
|
| 958 |
|
|
|a EUIPO
|
| 992 |
|
|
|a RBX
|
| 999 |
|
|
|c 2787828
|d 2789758
|